000
00329pab a2200145 454500
008
180718b1985 xxu||||| |||| 00| 0 eng d
100
_a
Sabherwal, O.P.
245
_a
Winds of change in Punjab
260
_c
1985
300
_a
4,32
362
_a
6 July
650
_a
Punjab - Politics
773
_a
Mainstream
909
_a
16837
999
_c
16837
_d
16837